American Presidents - Statistics

General Stats
  • This quiz has been taken 49 times
    9 since last reset
  • The average score is 43 of 46
Answer Stats
Hint Answer % Correct
1861 Abraham Lincoln
100%
1829 Andrew Jackson
100%
1865 Andrew Johnson
100%
2009 Barack Obama
100%
1889 Benjamin Harrison
100%
1993 Bill Clinton
100%
2017 Donald Trump
100%
1953 Dwight D. Eisenhower
100%
1933 Franklin D. Roosevelt
100%
1989 George H.W. Bush
100%
1789 George Washington
100%
2001 George W. Bush
100%
1974 Gerald Ford
100%
1885 Grover Cleveland
100%
1893 Grover Cleveland
100%
1881 James A. Garfield
100%
1845 James K. Polk
100%
1977 Jimmy Carter
100%
2021 Joe Biden
100%
1797 John Adams
100%
1961 John F. Kennedy
100%
1825 John Quincy Adams
100%
1837 Martin Van Buren
100%
1969 Richard Nixon
100%
1981 Ronald Reagan
100%
1901 Theodore Roosevelt
100%
1801 Thomas Jefferson
100%
1841 William Henry Harrison
100%
1923 Calvin Coolidge
88%
1881 Chester A. Arthur
88%
1853 Franklin Pierce
88%
1945 Harry S. Truman
88%
1929 Herbert Hoover
88%
1809 James Madison
88%
1817 James Monroe
88%
1841 John Tyler
88%
1963 Lyndon B. Johnson
88%
1877 Rutherford B. Hayes
88%
1869 Ulysses S. Grant
88%
1909 William Howard Taft
88%
1897 William McKinley
88%
1913 Woodrow Wilson
88%
1849 Zachary Taylor
88%
1857 James Buchanan
63%
1850 Millard Fillmore
63%
1921 Warren G. Harding
63%
No matching quizzes found
Score Distribution
Percent of People with Each Score
Percentile by Number Answered
Your Score History
You have not taken this quiz since the last reset